| 000 | 00666nam a22002297a 4500 | ||
|---|---|---|---|
| 003 | BD-DhJNU | ||
| 005 | 20250302062641.0 | ||
| 008 | 250302b |||||||| |||| 00| 0 eng d | ||
| 020 | _a9780415229294 | ||
| 020 | _a9780415229296 | ||
| 040 |
_aBD-DhJNU _bENG _cBD-DhJNU _dBD-DhJNU |
||
| 082 |
_223 _a193 CLM |
||
| 100 | _aClark, Timothy | ||
| 245 |
_aMartin Heidegger / _cTimothy Clark |
||
| 260 |
_aLondon : _bRoutledge Taylor and Francis, _c2007. |
||
| 300 |
_axv,184P. : _bill. ; _c20 cm. |
||
| 490 | _aRoutledge critical thinkers | ||
| 504 | _aIncludes bibliographical references and index | ||
| 650 | _aPhilosophy | ||
| 650 | _aGerman | ||
| 942 |
_2ddc _cBK _n0 |
||
| 999 |
_c1430 _d1430 |
||